<?xml version="1.0" encoding="UTF-8"?>
<record
    xmlns:xsi="http://www.w3.org/2001/XMLSchema-instance"
    xsi:schemaLocation="http://www.loc.gov/MARC21/slim http://www.loc.gov/standards/marcxml/schema/MARC21slim.xsd"
    xmlns="http://www.loc.gov/MARC21/slim">

  <leader>01041nam a22002297a 4500</leader>
  <controlfield tag="003">OSt</controlfield>
  <controlfield tag="005">20151026133603.0</controlfield>
  <controlfield tag="008">130718s2012    sp ||||| |||| 00| 0 spa d</controlfield>
  <datafield tag="040" ind1=" " ind2=" ">
    <subfield code="c">CDMR</subfield>
  </datafield>
  <datafield tag="100" ind1="1" ind2=" ">
    <subfield code="9">3987</subfield>
    <subfield code="a">Arenas Ortiz, Antonio</subfield>
  </datafield>
  <datafield tag="245" ind1="1" ind2="3">
    <subfield code="a">La radio tem&#xE1;tica deportiva: implantaci&#xF3;n, modelos y panorama internacional</subfield>
    <subfield code="c">Antonio Arenas Ortiz ; Manuel Fern&#xE1;ndez Sande (director)</subfield>
    <subfield code="h">[recurs electr&#xF2;nic]</subfield>
  </datafield>
  <datafield tag="260" ind1=" " ind2=" ">
    <subfield code="a">Madrid</subfield>
    <subfield code="c">2012</subfield>
  </datafield>
  <datafield tag="502" ind1=" " ind2=" ">
    <subfield code="a">Tesi defensada el 22 de maig de 2012,</subfield>
    <subfield code="c">Universidad Complutense de Madrid, Facultad de Ciencias de la Informaci&#xF3;n, Departamento de Periodismo I (An&#xE1;lisis del Mensaje Informativo)</subfield>
  </datafield>
  <datafield tag="650" ind1="0" ind2="4">
    <subfield code="9">1724</subfield>
    <subfield code="a">R&#xE0;dio</subfield>
    <subfield code="x">Programaci&#xF3;</subfield>
  </datafield>
  <datafield tag="650" ind1="0" ind2="4">
    <subfield code="9">3383</subfield>
    <subfield code="a">Periodisme esportiu</subfield>
  </datafield>
  <datafield tag="650" ind1="0" ind2="4">
    <subfield code="9">1465</subfield>
    <subfield code="a">Empresa informativa</subfield>
  </datafield>
  <datafield tag="650" ind1="0" ind2="4">
    <subfield code="9">2994</subfield>
    <subfield code="a">Tesis i dissertacions acad&#xE8;miques</subfield>
  </datafield>
  <datafield tag="700" ind1="1" ind2=" ">
    <subfield code="9">3988</subfield>
    <subfield code="a">Fern&#xE1;ndez Sande, Manuel</subfield>
  </datafield>
  <datafield tag="710" ind1="2" ind2=" ">
    <subfield code="9">3910</subfield>
    <subfield code="a">Universidad Complutense de Madrid</subfield>
    <subfield code="b">-- Facultad de Ciencias de la Informaci&#xF3;n</subfield>
  </datafield>
  <datafield tag="856" ind1="4" ind2="0">
    <subfield code="u">http://eprints.ucm.es/16160/</subfield>
    <subfield code="y">Disponible en l&#xED;nia</subfield>
  </datafield>
  <datafield tag="942" ind1=" " ind2=" ">
    <subfield code="2">udc</subfield>
    <subfield code="c">TSN-E</subfield>
  </datafield>
  <datafield tag="999" ind1=" " ind2=" ">
    <subfield code="c">6612</subfield>
    <subfield code="d">6612</subfield>
  </datafield>
  <datafield tag="952" ind1=" " ind2=" ">
    <subfield code="0">0</subfield>
    <subfield code="1">0</subfield>
    <subfield code="4">0</subfield>
    <subfield code="7">0</subfield>
    <subfield code="a">CDMR</subfield>
    <subfield code="b">CDMR</subfield>
    <subfield code="d">2013-07-18</subfield>
    <subfield code="l">0</subfield>
    <subfield code="p">CDMR13096928</subfield>
    <subfield code="r">2013-07-18</subfield>
    <subfield code="w">2013-07-18</subfield>
    <subfield code="y">TSN-E</subfield>
    <subfield code="z">Tesi dipositada a E-Prints Complutense</subfield>
  </datafield>
</record>
